Language Quiz

Random Language or Nation Quiz

U.N. Official Languages Quiz Stats

 Plays Quiz Updated Sep 14, 2018

Score 0/6 Timer 01:00
1 Play Today
% Correct
English
99.8%
French
97.7%
Spanish
96.6%
Chinese
92.1%
Russian
75%
Arabic
60.7%

You're not logged in!

Compare scores with friends on all Sporcle quizzes.
OR
Log In

Sporcle TV

Today on Sporcle TV


Watch our educational content, quiz creation guides, and fun videos on Sporcle TV.

Show Comments

Extras

Top Quizzes Today


Score Distribution

Your Account Isn't Verified!

In order to create a playlist on Sporcle, you need to verify the email address you used during registration. Go to your Sporcle Settings to finish the process.

Report this User

Report this user for behavior that violates our Community Guidelines.

Details: